000 00810nam a2200301Ia 4500
001 71645
003 IT-RoPAU
008 130308s9999 xx 000 0 und d
040 _aIT-RoPAU
040 _cIT-RoPAU
041 _aINGLESE
100 _aWilliams Raymond
100 _gCodice Aut. SPICS: 449
245 _aHuman Communication and Its History
245 _bMedia, Knowledge And Power
250 _a1a ed.
260 _aINGHILTERRA
260 _bCroom Helm
260 _c1987 [1° Ed.:1987 - Ed.Ling.Originale:1987]
300 _a"18 p. (prefazione: no ; testo: 18 [pagine: 32-49])"
500 _aComunicazione Umana e Sua Storia
650 _aSAGGI DI COMUNICAZIONE SOCIALE
650 _eCodice materia Spics: 3807
942 _cBK
957 _71
999 _c45030
_d45030
999 _bSI
999 _g1